000 00330nam a2200109Ia 4500
008 171211s9999 xx 000 0 und d
245 _aNatural Liberty: Rediscovering Self-Induced Abortion Methods
245 _cSage-Femme Collective
260 _c2008
650 _xFITNESS
856 _uhttp://down.ebook777.com/062/0964592002.pdf
999 _c349070
_d349070